00636nam a22001697a 4500003000400000008004100004020001800045082001300063100002100076245006500097260004100162300001500203650001900218942001300237999001700250952019900267OSt240224b |||||||| |||| 00| 0 eng d a9789353451141 a658bSIC aSITAPATI, Sudhir aThe CEO Factory: management lessons from hindustan unilever. aNew Delhi:bJuggernaut Books,c2019. axxvi,243p. aGeneral Books  2ddccREF c12785d12785 00102ddc40708GENERALaPIETbPIETd2024-06-18eZafaa Books and DistributorsfIn rupeesg399.00kZBD0077l1o658 SICp37698q2025-01-28r2024-07-12 00:00:00s2024-07-12v299.25w2024-06-18yBK